Normal view
MARC view
- Supervisor : Dr Riaz Ahmad Mufti
Entry Personal Name
001 - CONTROL NUMBER
- control field: 120100
003 - CONTROL NUMBER IDENTIFIER
- control field: NUST
005 - DATE AND TIME OF LATEST TRANSACTION
- control field: 20240125104111.0
008 - FIXED-LENGTH DATA ELEMENTS
- fixed length control field: 240125|| aca||aabn | a|a d
040 ## - CATALOGING SOURCE
- Original cataloging agency: NUST
- Transcribing agency: NUST
100 ## - HEADING--PERSONAL NAME
- Personal name: Supervisor : Dr Riaz Ahmad Mufti
670 ## - SOURCE DATA FOUND
- Source citation: Work cat.: (NUST)524813: Muhammad Junaid Siddiqui 15605, Evaluation of Piston- Assembly Friction in a Diesel Engine Through Stretch Linear Method/, 2016.
